000 00473nam a22001937a 4500
003 MPLRDC
005 20220104144549.0
008 210129b ||||| |||| 00| 0 eng d
020 _a7-5602-3199-3
082 _a859.61 JDML v.2
100 _a邓淑杰编
245 _a完璧归赵
_c
250 _a初版
260 _a
_b东北师范大学出版社
_c2003
300 _b
490 _a经典谋略故事
650 _a智慧故事
942 _cBK
_o859.61 JDML v.2
999 _c50840
_d50830